000 02674nam a22002777a 4500
001 9403
003 FISKH
005 20260105122825.0
008 260105b cb ||||| |||| 00| 0 eng d
020 _a9789995001766
040 _aFISKH
_bkhr
_cFISKH
_dFISKH
082 _a398.2
100 _aSak Rolet , Chhim
245 _aកុមារទុរគ៍ត /
_cអ្នកនិពន្ធ ឈឹម សក្តិរ៉ូឡែត , អ្នកវាយអត្ថបទ អ្នកស្រី ហាក់​ ផាន្នី
260 _aភ្នំពេញ :
_bគ្រឹះស្ថានបោះពុម្ពនិងចែកផ្សាយ ,
_c2013 .
300 _a8 pages :
_bcolor illustrations ;
_c17 x 17 cm .
490 _aរឿងនិទានអប់រំសម្រាប់កុមារ
505 _aP
520 _aមានស្រ្តីម្នាក់មានរបរជាអ្នកសុំទានមានកូន៣នាក់ ។​​ សួនជាកូនប្រុសច្បងឈប់រៀនត្រឹមថ្នាក់ទី​៥ ។​ ចំនែកសំណាងជាកូនអ្នកមានត្រូវជាមិត្តភក្តិរបស់សួន គេបានសុំឪពុកម្តាយរបស់គេអោយយកសួនមកនៅជាមួយដើម្បីរៀនបន្ត ។ ឪពុកម្តាយសំណាងក៏បានទៅជួបនឹងម្តាយសួនក៏សុមសួនអោយមកនៅជាមួយសំណាង ហើយសន្យាថានឹងជួយទំនុកបំរុងសួនអោយបានចូលរៀន​។ ហើយឪពុកម្តាយសំណាងក៏បានអោយលុយខ្លះទៅម្តាយសួនដើម្បីត្រលប់ទៅស្រុកកំណើត​វិញ ។​
520 _aThere was a woman who made a living by begging and had three children. Suon, her eldest son, stopped going to school at grade 5. Samnang, a wealthy boy, was Suon’s friend. He asked his parents to let Suon come live with them so he could continue his studies. Samnang’s parents went to meet Suon’s mother and asked her permission to let Suon stay with Samnang, promising that they would support him and help him continue his education. They also gave some money to Suon’s mother so she could return to her hometown.
521 8 _a650
_bLexile estimate
521 8 _aP
_bRaz-Plus
700 _aVisal , Seng
_eIllustrator
942 _2ddc
_cKHB
_n0
999 _c9403
_d9403